000 00983nam a22003017a 4500
001 BR7603937
003 BR-BrBNA
005 20230928085044.0
007 ta
008 230509b bl.||||| |||| 00| 0 por d
040 _aBR-BrBNA
_bpor
_cBiblioteca Nacional de Agricultura
041 _a(Por)
072 _aQ10; E10
_b2120
_b/G514
090 _ 2120 BR7603937
100 1 _aCardoso, A.M. de L.
110 1 _aUniversidade Federal do Parana, Curitiba (Brasil)
_0Dissertacao (Mestrado)
245 1 _aIndustria de torrefacao e moagem de cafe e consumo interno 1940-1970 [Brasil]
260 3 _aCuritiba, PR (Brasil):
_c1976.
300 _a185 p.
500 _aSummary (Por); Bibliography p. 178-185 (104 ref.). (*) Documento disponível na(o) UFPR, Curitiba, PR (Brazil). Biblioteca Central
650 _aCAFE
650 _aMOAGEM
650 _aTORREFACAO
650 _aINDUSTRIA ALIMENTICIA
650 _aCONSUMO
909 _a202309
_bLucia
_c55
_dLucia Elande
942 _cBK
999 _c22594
_d22594